000 00733cam a22002651 4500
001 sa 68018263
003 DLC
005 20260227112710.0
008 890628s1968 ii ac b 000 0 maro
010 _asa 68018263
035 _a(OCoLC)19943817
040 _aDLC
_cWaU
_dDLC
042 _apremarc
043 _aa-ii---
050 0 0 _aPN2883
_b.K3
100 1 _aKanade, M. S.
245 1 0 _aMarāṭhī raṅgabhūmīcā ushaḥkāla.
260 _c[1968]
300 _a142 p.
_billus., ports.
_c19 cm.
500 _aIn Marathi.
504 _aBibliographical footnotes.
650 0 _aTheater
_zIndia
_xHistory.
650 0 _aMarathi drama
_xHistory and criticism.
700 1 _aSāṭhe, Tryambaka Nārāyaṇa,
_d1859-1934.
999 _c88285
_d88285